140 điều chủ yếu trong ngữ pháp tiếng Anh 140 articles mainly in English grammar

Gồm 140 điều chủ yếu trong tiếng Anh. Trước mỗi phần bài tập là các điều cơ bản về ngữ pháp, học xong mỗi điều là phần bài tập để củng cố kiến thức.

Đã lưu trong:
Sonraí Bibleagrafaíochta
Príomhúdar: Lê, Xuân Tùng
Formáid: Leabhar
Teanga:Undetermined
Foilsithe: H. Thanh Niên 2009
Ábhair:
Rochtain Ar Líne:http://lrc.tdmu.edu.vn/opac/search/detail.asp?aID=2&ID=9875
Clibeanna: Cuir Clib Leis
Gan Chlibeanna, Bí ar an gcéad duine leis an taifead seo a chlibeáil!
Thư viện lưu trữ: Trung tâm Học liệu Trường Đại học Thủ Dầu Một
LEADER 00939nam a2200217Ia 4500
001 TDMU_9875
008 210410s9999 xx 000 0 und d
082 |a 425 
090 |b L250 
100 |a Lê, Xuân Tùng 
245 0 |a 140 điều chủ yếu trong ngữ pháp tiếng Anh 
245 0 |b 140 articles mainly in English grammar 
245 0 |c Lê Xuân Tùng 
260 |a H. 
260 |b Thanh Niên 
260 |c 2009 
300 |a 271tr 
520 |a Gồm 140 điều chủ yếu trong tiếng Anh. Trước mỗi phần bài tập là các điều cơ bản về ngữ pháp, học xong mỗi điều là phần bài tập để củng cố kiến thức. 
650 |a Ngoại ngữ; Tiếng Anh; Ngữ pháp 
856 |u http://lrc.tdmu.edu.vn/opac/search/detail.asp?aID=2&ID=9875 
980 |a Trung tâm Học liệu Trường Đại học Thủ Dầu Một